Регионална библиотека "Любен Каравелов" - Русе

Полярископ и его изготовление (Запис номер 410791)

MARC детайли
000 -Лидер
Контролно поле с фиксирана дължина nam a22 7a 4500
003 - Код на организацията, давaща контролен номер
Контролно поле BLK
005 - Дата и час на последна редакция
Контролно поле 20210423134456.0
008 - Елементи от данни с фиксирана дължина
fixed length control field 210419b bu |||||r|||| 00| | bu d
040 ## - Източник на каталожния запис
Идентификатор на билиотеката - собственик на записа BLK
041 ## - Код за език
Код за езика на текст/звукозапис или на отделно заглавие Руски
Код за езика КДБФ Руски
080 ## - УДК
Текстов определител УДК Лупи. Микроскопи
УДК код - определител по УДК 681.72
УДК - код + определител 681.72
100 ## - Редна дума - Автор
R(LIN) 449117
Автор Беккерледж, О.
Авторска отговорност първи автор
139 ## - Редно поле
Редна дума Беккерледж, О.
245 ## - Сведения за заглавието
Заглавие Полярископ и его изготовление
Подзаглавни данни Руководство для любителей
Редно поле (дума) О. Беккерледж
260 ## - Област на издателските данни
9 (RLIN) 435310
Място на издаване, разпространение и проч. Москва
Име на издателя, разпространителя и проч. типо-лит. т-ва И. Н. Кушнерев и К°
Година на издаване 1896
300 ## - Физическа характеристика
Страници 18 с., 1 л. черт.
Размери/Мащаб 195,5 см
380 ## - Жанр
Жанр Техника
490 ## - СЕРИИ (Колекции)
9 (RLIN) 435080
Име на серия Колекция Редки и ценни издания
650 #0 - Допълнително описание по предмет – тема
9 (RLIN) 450381
Основно описание – тема или топоним Полярископи
852 ## - Местоположение
Форматна сигнатура Рр 896
Фондова буква Редки и ценни
999 ## - СИСТЕМНИ КОНТРОЛНИ НОМЕРА
Koha biblionumber 410791
Koha biblioitemnumber 410791
942 ## - АРТИКУЛИ
Вид на библиотечния материал Книги
Скрит в OPAC Не
Периодичен библиозапис Да
944 ## - СЪЗДАВАНЕ И РЕДАКЦИЯ на ЗАПИСА
Създаване/Редакция Създаване
Дата на регистрацията/редакция 2021-04-23
Служител, извършил регистрацията/редакцията Ренета Константинова
Наличности
Код за отписване Код за изгубен артикул Източник на класификационната схема Код за повреда Коз за рестрикции Код за отдаване Артикулен № Име на библиотеката - собственик Име на библиотеката, в която се намира в момента Статус (Текущо местоположение) Дата на вписване в системата Местоположение - отдел Цена в лева Инвентарен номер Систематично азбучна сигнатура Баркод Цена в евро Служебен тип на артикула
  Не е изгубен Universal Decimal Classification Не е повреден само за читалня Специални фондове ( старопечатни, редки и ценни, фонд М. Арнаудов) 855797 Регионална библиотека "Любен Каравелов" Русе Регионална библиотека "Любен Каравелов" Русе Редки и ценни 2021-09-27 Редки и ценни 0.02 8399 Рр 896 900000057434 0.01 Книги
Vip Innovations Ltd, Rousse, Bulgaria 2025